| 000 | 00769nam a2200205 i 4500 | ||
|---|---|---|---|
| 001 | 65321 | ||
| 003 | ES-MaACL | ||
| 005 | 20251014000541.0 | ||
| 007 | t| | ||
| 008 | 040112s1983 sp ||||1| spa d | ||
| 100 | 1 |
_aFreire López, Ana _9148961 |
|
| 245 | 1 | 0 |
_aIndice bibliográfico de la colección documental del Fraile / _cAna María Freire López. |
| 260 |
_a[Madrid] : _bServicio Histórico Militar, _c[1983] |
||
| 300 |
_aLVI, 449 p. ; _c27 cm. |
||
| 504 | _aBibliografía: p. 445-448. | ||
| 600 | 1 | 7 |
_aSalvador Joaquín de Sevilla, _cFray, _d1766-1830- _xBiblioteca- _vCatálogos _2 _9157992 |
| 610 | 2 | 4 |
_aInstituto de Historia y Cultura Militar. _bBiblioteca- _vCatálogos. _9157993 |
| 852 |
_aES-MaACL _jL-5332 _bR.105756 |
||
| 999 |
_c65321 _d65321 |
||